|
|
|
|
| LEADER |
01062nam a2200301 a 4500 |
| 001 |
c000183559 |
| 003 |
CARM |
| 005 |
20050606133138.0 |
| 008 |
900404s1990 enka 001 0 eng d |
| 019 |
1 |
|
|a 7277985
|5 LACONCORD2021
|
| 020 |
|
|
|a 0273031058 (pbk.)
|
| 035 |
|
|
|a (OCoLC)21520305
|5 LACONCORD2021
|
| 040 |
|
|
|a NCLN
|b eng
|c NCLN
|d ABN-SNR
|
| 050 |
0 |
0 |
|a QA76.8.S635
|
| 050 |
|
4 |
|a QA76.8.S635
|b G7 1990
|
| 082 |
0 |
4 |
|a 005.26
|2 20
|
| 082 |
0 |
4 |
|a 005.26
|
| 100 |
1 |
|
|a Gray, Philip D.
|
| 245 |
1 |
0 |
|a Smalltalk-80 :
|b a practical introduction /
|c Philip D. Gray, Ramzan Mohamed.
|
| 260 |
|
|
|a London, England :
|b Pitman,
|c 1990.
|
| 300 |
|
|
|a 252 p. :
|b ill. ;
|c 24 cm.
|
| 500 |
|
|
|a Includes indexes.
|
| 504 |
|
|
|a Bibliography: p. 244-246.
|
| 650 |
|
0 |
|a Smalltalk-80 (Computer program language)
|
| 700 |
1 |
|
|a Mohamed, Ramzan.
|
| 852 |
8 |
|
|b CARM
|h A2:AM08G0
|i C06639
|p 0255888
|f BK
|
| 999 |
f |
f |
|i 3e636b63-02c5-500b-817d-498bc8826cd4
|s 404b1420-e8ec-5fc7-9e1d-3e83b4fe2467
|
| 952 |
f |
f |
|p Can circulate
|a CAVAL
|b CAVAL
|c CAVAL
|d CARM 1 Store
|e C06639
|f A2:AM08G0
|h Other scheme
|i book
|m 0255888
|